000 004710000a22001810004500
020 _a0-87784-468-2
041 0 _aENG
082 0 4 _aG 261.7 K591t
100 1 _aKirk, J. Andrew
245 1 0 _aTheology encounters revolution / J. Andrew Kirk
260 _aDowners Grove, ILL.,. USA : InterVarsity
300 _a188 Pag
001 6868
942 _cBK
999 _c37120
_d37120
336 _atexto
_btxt
_2rdacontent
337 _2rdamedia
_asin mediación
_bn
338 _2rdacarrier
_avolumen
_bnc